Ley de los Impuestos Generales de Importacin̤ y Exportacin̤ 2018

Bibliographic Details
Main Author: Gutiřrez Delgado, Jess︢ Bernardo
Format: eBook
Language:Spanish
Published: Ciudad de Mx̌ico: Tax Editores, 2018
Subjects:
Online Access:Acceso restringido

MARC

LEADER 00000nam a22000007a 4500
005 20180711001752.0
007 cr|||| ||||
008 180711s2018 mx |||||s|||| 00||0 spa d
020 |a 978-607-629-211-2 
035 |a 21755 
040 |a vLex 
090 |c 8018  |d 8018 
100 1 |a Gutiřrez Delgado, Jess︢ Bernardo 
245 1 0 |a Ley de los Impuestos Generales de Importacin̤ y Exportacin̤ 2018  |h [Recurso electrn̤ico] /  |c Jess︢ Bernardo Gutiřrez Delgado 
256 |a Servicio en ln̕ea 
260 |a Ciudad de Mx̌ico:  |b Tax Editores,  |c 2018 
300 |a 1 recurso electrn̤ico 
506 1 |a Disponible solo en los productos indicados  |d vLex Global  |d vLex Global (Academic Edition, excluding Law Schools)  |d vLex Global (U.S. Academic Edition, Law Schools)  |d vLex Global (U.S. Academic Edition, excluding Law Schools)  |d vLex Global (Academic Edition, Law Schools) 
650 0 4 |a Derecho Fiscal  |z Mx̌ico 
740 0 |a vLex Libros (Servicio en ln̕ea) 
856 4 0 |u http://vlex.com/source/ley-impuestos-generales-importacion-exportacion-2018-21755  |z Acceso restringido 
942 |c BOOK 
999 0 |a Tax Law